000 00427nam a2200169Ia 4500
008 230525s9999 xx 000 0 und d
020 _a81-224-1429-X
082 _a 621.382
_bPRA
100 _aManohar Prasad
_945341
245 0 _aRefrigeration and Air Conditioning
250 _a2
260 _aNew Delhi
_bNew Age Pub
_c2012
300 _aXIX,641p;
500 _aQuantity Number: 1
650 _aMechanics
942 _cBK
999 _c61090
_d61090